| 000 -ლიდერი |
| ფიქსირებული სიგრძის საკონტროლო ველი |
01904nam a22002777a 4500 |
| 003 - საკონტროლო ნომრის იდენტიფიკატორი |
| საკონტროლო ველი |
Ge_BSU |
| 005 - ბოლო ოპერაციის თარიღი და დრო |
| საკონტროლო ველი |
20220601132601.0 |
| 008 - ფიქსირებული სიგრძის მონაცემთა ელემენტები - ზოგადი ინფორმაცია |
| ფიქსირებული სიგრძის საკონტროლო ველი |
220601s2015 ge ||||| |||| 00| 0 geo d |
| 020 ## - წიგნის საერთაშორისო სტანდარტული ნომერი |
| International Standard Book Number |
9789941073717 |
| 041 ## - ენის კოდი |
| Language code of text/sound track or separate title |
geo |
| 080 ## - უნივერსალური ათობითი კლასიფიკაციის ინდექსი |
| Universal Decimal Classification number |
2-1+1(430(092ჰეგელი) დ-90 |
| 100 ## - მთავარი ჩანაწერი - პიროვნების სახელი |
| Personal name |
დუმბაძე, დ. (დევი) |
| 9 (RLIN) |
13938 |
| 245 ## - ცნობა სათაურის შესახებ |
| Title |
იდეოლოგია და არარეგლამენტირებული გამოცდილება : |
| Remainder of title |
ჰეგელის რელიგიის ფილოსოფია, ადორნოს იდეოლოგიის კრიტიკა / |
| Statement of responsibility, etc |
დევი დუმბაძე ; სამეცნ. რედ.: დევი დუმბაძე, თენგიზ ირემაძე. |
| 264 ## - წარმოების, გამოცემის, დისტრიბუციის და სხვა ცნობები |
| გამოცემის, წარმოების, დისტრიბუციის... ადგილი |
თბილისი : |
| გამოცემის, წარმოების, დისტრიბუციის... სახელწოდება |
საგა : სოსო დუმბაძე, |
| გამოცემის, წარმოების, დისტრიბუციის... თარიღი |
2015. |
| 300 ## - ფიზიკური აღწერა |
| Extent |
158 გვ. ; |
| Other physical details |
14 სმ. |
| 490 ## - სერიის ცნობა |
| Series statement |
ჯიბის წიგნის სერია |
| Volume number/sequential designation |
10. მედია-კულტურა-საზოგადოება |
| 504 ## - BIBLIOGRAPHY, ETC. NOTE |
| Bibliography, etc |
ბიბლიოგრ. ტექსტის შენიშვნებში. |
| 653 ## - INDEX TERM--UNCONTROLLED |
| Uncontrolled term |
გერმანელი ფილოსოფოსები. |
| 653 ## - INDEX TERM--UNCONTROLLED |
| Uncontrolled term |
რელიგიის ფილოსოფია. |
| 653 ## - INDEX TERM--UNCONTROLLED |
| Uncontrolled term |
ადორნო, თ.ვ. (თეოდორ ვ.), 1903-1969. |
| 653 ## - INDEX TERM--UNCONTROLLED |
| Uncontrolled term |
ჰეგელი, გ.ვ.ფ., 1770-1831 (გეორგ ვილჰელმ ფრიდრიხ) |
| 700 ## - ADDED ENTRY--PERSONAL NAME |
| Personal name |
დუმბაძე, დ. (დევი) |
| Relator term |
სამეცნიერო რედაქტორი |
| 9 (RLIN) |
13938 |
| 700 ## - ADDED ENTRY--PERSONAL NAME |
| Personal name |
ირემაძე, თ. (თენგიზ) |
| Relator term |
სამეცნიერო რედაქტორი |
| 9 (RLIN) |
13939 |
| 700 ## - ADDED ENTRY--PERSONAL NAME |
| Personal name |
დუმბაძე, ს. (სოსო), |
| Relator term |
გამომცემელი |
| 9 (RLIN) |
13940 |
| 942 ## - ADDED ENTRY ELEMENTS (KOHA) |
| Source of classification or shelving scheme |
|
| Koha item type |
წიგნი |